000
00239nam a22000857a 4500
008
160907b xxu||||| |||| 00| 0 eng d
100
_9
319
_a
Singhal A
245
_a
How to become a Human Calculator
260
_a
New Delhi
_b
S.Chand publication
_c
2012
999
_c
2979
_d
2979